<?xml version="1.0" encoding="UTF-8"?>
<record
    xmlns:xsi="http://www.w3.org/2001/XMLSchema-instance"
    xsi:schemaLocation="http://www.loc.gov/MARC21/slim http://www.loc.gov/standards/marcxml/schema/MARC21slim.xsd"
    xmlns="http://www.loc.gov/MARC21/slim">

  <leader>01071cam a22003011  4500</leader>
  <controlfield tag="001">sa 68020892 </controlfield>
  <controlfield tag="003">DLC</controlfield>
  <controlfield tag="005">20260227112728.0</controlfield>
  <controlfield tag="008">840614s1967    ii            000 0 tamo </controlfield>
  <datafield tag="010" ind1=" " ind2=" ">
    <subfield code="a">sa 68020892 </subfield>
  </datafield>
  <datafield tag="025" ind1=" " ind2=" ">
    <subfield code="a">PL480:I-T-1938</subfield>
  </datafield>
  <datafield tag="035" ind1=" " ind2=" ">
    <subfield code="a">(OCoLC)21637465</subfield>
  </datafield>
  <datafield tag="040" ind1=" " ind2=" ">
    <subfield code="a">DLC</subfield>
    <subfield code="c">CU</subfield>
    <subfield code="d">DLC</subfield>
  </datafield>
  <datafield tag="042" ind1=" " ind2=" ">
    <subfield code="a">premarc</subfield>
  </datafield>
  <datafield tag="050" ind1="0" ind2="0">
    <subfield code="a">BL1228.2</subfield>
    <subfield code="b">.I85</subfield>
  </datafield>
  <datafield tag="130" ind1="0" ind2=" ">
    <subfield code="a">Iyar&#x332;p&#x101;.</subfield>
    <subfield code="p">Ira&#x1E47;&#x1E6D;&#x101;ntiruvant&#x101;ti.</subfield>
  </datafield>
  <datafield tag="245" ind1="1" ind2="0">
    <subfield code="a">P&#x16B;tatt&#x101;l&#x332;v&#x101;r aru&#x1E37;iya Ira&#x1E47;&#x1E6D;&#x101;ntiruvant&#x101;ti.</subfield>
    <subfield code="c">Periyav&#x101;ccn&#x332;&#x304;pi&#x1E37;&#x1E37;ai vy&#x101;ky&#x101;n&#x332;am, Appi&#x1E37;&#x1E37;aiyurai vivara&#x1E47;ttu&#x1E6D;an&#x332;. Patipp&#x101;ciriyar S. Kiru&#x1E63;&#x1E47;asv&#x101;mi Ayya&#x1E45;k&#x101;r.</subfield>
  </datafield>
  <datafield tag="260" ind1=" " ind2=" ">
    <subfield code="a">[Tirucci?</subfield>
    <subfield code="c">1967]</subfield>
  </datafield>
  <datafield tag="300" ind1=" " ind2=" ">
    <subfield code="a">4, 2, 385 p.</subfield>
    <subfield code="c">23 cm.</subfield>
  </datafield>
  <datafield tag="490" ind1="0" ind2=" ">
    <subfield code="a">&#x15A;r&#x12B;s&#x16B;ktim&#x101;l&#x101; ;</subfield>
    <subfield code="v">malar 22</subfield>
  </datafield>
  <datafield tag="500" ind1=" " ind2=" ">
    <subfield code="a">In Tamil.</subfield>
  </datafield>
  <datafield tag="500" ind1=" " ind2=" ">
    <subfield code="a">Previously published serially in &#x15A;r&#x12B;vai&#x1E63;&#x1E47;ava S&#x16B;tarcan&#x332;am.</subfield>
  </datafield>
  <datafield tag="650" ind1=" " ind2="0">
    <subfield code="a">Hindu devotional literature, Tamil.</subfield>
  </datafield>
  <datafield tag="700" ind1="0" ind2=" ">
    <subfield code="a">P&#x16B;tatt&#x101;l&#x332;v&#x101;r.</subfield>
  </datafield>
  <datafield tag="700" ind1="0" ind2=" ">
    <subfield code="a">Periyav&#x101;cc&#x101;n&#x332;pi&#x1E37;&#x1E37;ai,</subfield>
    <subfield code="d">active 15th century.</subfield>
  </datafield>
  <datafield tag="700" ind1="0" ind2=" ">
    <subfield code="a">Appi&#x1E37;&#x1E37;ai.</subfield>
  </datafield>
  <datafield tag="700" ind1="2" ind2=" ">
    <subfield code="a">Krishnaswamy Iyengar, Srinivasa,</subfield>
    <subfield code="d">1924-</subfield>
  </datafield>
  <datafield tag="999" ind1=" " ind2=" ">
    <subfield code="c">89621</subfield>
    <subfield code="d">89621</subfield>
  </datafield>
</record>
